|
|
|
|
| LEADER |
00673cam a2200241 7i4500 |
| 001 |
0000036756 |
| 005 |
20220218090000.0 |
| 007 |
ta |
| 008 |
220121 |
| 020 |
|
|
|a 9789675289859
|
| 040 |
|
|
|a MATR
|
| 090 |
0 |
0 |
|a FM 899.2333
|b SOP
|
| 100 |
0 |
|
|a Sophilea
|e author
|
| 245 |
1 |
0 |
|a PENGANTIN satu malam
|c Sophilea.
|
| 264 |
|
0 |
|a Johor Bahru, Johor:
|b Intens Idea International,
|c 2016.
|
| 300 |
|
|
|a 357 pages;
|c 19 cm.
|
| 336 |
|
|
|a text
|2 rdacontent
|
| 337 |
|
|
|a unmediated
|2 rdamedia
|
| 338 |
|
|
|a volume
|2 rdacarrier
|
| 500 |
|
|
|a Screen adaption
|
| 650 |
0 |
0 |
|a Malay fiction
|
| 650 |
0 |
0 |
|a Malaysian fiction (Malay)
|
| 999 |
|
|
|a B000041664
|b Book
|c Book
|e Business Information Centre
|